K file: (Record no. 171699)

MARC details
000 -LEADER
fixed length control field 00573nam a22001937a 4500
005 - DATE AND TIME OF LATEST TRANSACTION
control field 20200210124716.0
010 ## - LCCN (DPL NO)
LC control number ENG-127447
020 ## - INTERNATIONAL STANDARD BOOK NUMBER
International Standard Book Number 9789386473691
Terms of availability 495.00
035 ## - SYSTEM CONTROL NUMBER
System control number EN-110979
037 ## - SOURCE OF ACQUISITION
Source of stock number/acquisition DBAD/PUB
082 ## - DEWEY DECIMAL CLASSIFICATION NUMBER
Classification number 303.6095411
100 ## - MAIN ENTRY--PERSONAL NAME
Personal name Bashir Assad
245 ## - TITLE STATEMENT
Title K file:
Statement of responsibility, etc Nagendra Nath Pradhan
Remainder of title the conspiracy of silence/
246 ## - VARYING FORM OF TITLE
Title proper/short title A brave book on kashmir
260 ## - PUBLICATION, DISTRIBUTION, ETC. (IMPRINT)
Place of publication, distribution, etc New Delhi
Name of publisher, distributor, etc Vitasta
Date of publication, distribution, etc 2019
270 ## - ADDRESS
Address 2/15,Ansari Road,Daryaganj
Postal code 110002
City New Delhi
300 ## - PHYSICAL DESCRIPTION
Extent 237p.
Dimensions 22cm(pbk)
942 ## - ADDED ENTRY ELEMENTS (KOHA)
Source of classification or shelving scheme Dewey Decimal Classification
Item type English Books
Classification part 303.6095411
Call number suffix BAS
Holdings
Withdrawn status Lost status Not for loan Collection code Home library Current library Date acquired Source of acquisition Cost, normal purchase price Full call number Barcode Copy number Cost, replacement price Koha item type
      Non-fiction Sarojini Nagar Sarojini Nagar 17/01/2020 DBAD/PUB 495.00 303.6095411 BAS EN-110979 1 495.00 English Books

© Delhi Public Library
Hit Counter
free hit counter